Linux Administration Made Easy (E-BOOK) (Record no. 191271)
[ view plain ]
| 000 -LEADER | |
|---|---|
| fixed length control field | 00930 a2200181 4500 |
| 003 - CONTROL NUMBER IDENTIFIER | |
| control field | Nust |
| 005 - DATE AND TIME OF LATEST TRANSACTION | |
| control field | 20170207154012.0 |
| 022 ## - INTERNATIONAL STANDARD SERIAL NUMBER | |
| International Standard Serial Number | 9780595154821 |
| 040 ## - CATALOGING SOURCE | |
| Transcribing agency | Nust |
| 082 ## - DEWEY DECIMAL CLASSIFICATION NUMBER | |
| Classification number | 005.43 |
| 100 ## - MAIN ENTRY--PERSONAL NAME | |
| Personal name | Frampton, Steve |
| 245 ## - TITLE STATEMENT | |
| Title | Linux Administration Made Easy (E-BOOK) |
| Remainder of title | Steve Frampton |
| 260 ## - PUBLICATION, DISTRIBUTION, ETC. | |
| Place of publication, distribution, etc. | Iuniverse Inc |
| Date of publication, distribution, etc. | 2000 |
| 300 ## - PHYSICAL DESCRIPTION | |
| Extent | 85 p |
| 505 ## - FORMATTED CONTENTS NOTE | |
| Formatted contents note | Preface (Page-1) Introduction (Page-2) Linux Overview (Page-5) Installation and Hardware Configuration (Page-9) Configuring the X Window System (Page-19) General System Administration Issues (Page-25) Custom Configuration and Administration Issues (Page-31) Backup and Restore Procedures (Page-44) Various & Sundry Administrative Tasks (Page-53) Upgrading Linux and Other Applications (Page-58) Enterprise Computing with Linux (Page-71) Strategies for Keeping a Secure Server (Page-75) Help! Trouble in Paradise (Page-79) |
| 650 ## - SUBJECT ADDED ENTRY--TOPICAL TERM | |
| Topical term or geographic name entry element | Linux Administration |
| 651 ## - SUBJECT ADDED ENTRY--GEOGRAPHIC NAME | |
| Geographic name | E-BOOK |
| 942 ## - ADDED ENTRY ELEMENTS (KOHA) | |
| Source of classification or shelving scheme | |
| Koha item type | Book |
| Withdrawn status | Lost status | Source of classification or shelving scheme | Damaged status | Not for loan | Collection code | Permanent Location | Current Location | Date acquired | Total Checkouts | Full call number | Barcode | Date last seen | Price effective from | Koha item type |
|---|---|---|---|---|---|---|---|---|---|---|---|---|---|---|
| Military College of Signals (MCS) | Military College of Signals (MCS) | 12/12/2016 | 005.43 FRA | MCSEB-631 | 12/08/2016 | 12/12/2016 | Book | |||||||
| Military College of Signals (MCS) | Military College of Signals (MCS) | 12/12/2016 | 005.43 FRA | MCSEB-673 | 12/08/2016 | 12/12/2016 | Book |
